| 000 | 01898cam a22004454i 4500 | ||
|---|---|---|---|
| 003 | PE-LiUPU | ||
| 005 | 20250731173332.0 | ||
| 008 | 150625s2005 sp r 000 0 spa d | ||
| 020 | _a0736912894 | ||
| 035 | _a(Sirsi) i9780736912891 | ||
| 040 |
_aPE-LiUPU _bspa _cPE-LiUPU _erda |
||
| 049 | _aPRUA | ||
| 082 | 0 | 4 |
_a280 _bR49 _221 |
| 100 | 1 |
_aRhodes, Ron, _eautor. |
|
| 245 | 1 | 4 |
_aThe complete guide to christian denominations / _cRon Rhodes. |
| 264 | 1 |
_aEugene, Or : _bHarvest House Publishers, _c2005. |
|
| 300 |
_a397 páginas ; _c22 centímetros |
||
| 336 |
_atext _2rdacontent |
||
| 337 |
_aunmediated _2rdamedia |
||
| 338 |
_avolume _2rdacarrier |
||
| 505 | 0 | _aAdventist Churches. -Baptist Churches. -Brethren churches. -Catholic Churches. -Christian Churches. -Confregational Churches. -Episcopal and Anglican Churches. -Friends (Quaker) Churches. - Fundamentalist and Bible Churches. -Holiness Churches. -Lutheran churches. -Mennonite Churches. -Methodist Churches. -Orthodox Churches. -Pentecostal Churches. -Presbyterian churches. -Reformed churches. | |
| 526 | _aSEG42 | ||
| 526 | _aSEG41 | ||
| 526 | _aSEG40 | ||
| 526 | _aSEG39 | ||
| 526 | _aP94 | ||
| 526 | _aP87 | ||
| 526 | _aP86 | ||
| 526 | _aP85 | ||
| 526 | _aP77 | ||
| 526 | _aP76 | ||
| 526 | _aP35 | ||
| 541 | _g103-3336991-5762639; | ||
| 650 | 0 | 4 |
_aIglesias protestantes _zEstados Unidos _xDoctrinas. |
| 942 |
_2ddc _cBOOK |
||
| 949 |
_a280. R49 _wDEWEY _c1 _i59359 _d2016-10-18 _e2016-10-16 _lCCODEBUL1 _mBUL _n3 _p11.00 _r0 _sY _tBOOK _u2015-6-25 _xTEOLOGIA _zUNKNOWN _0COMPRA _o.STAFF. Colección Teología |
||
| 994 |
_aC0 _bPEPRU |
||
| 596 | _a1 | ||
| 999 |
_a280. R49 _wDEWEY _c48146 _i59359 _d48146 _e2016-10-16 _f2021-11-11 _g5 _lCCODEBUL1 _mBUL _n3 _p11.00 _r0 _sY _tBOOK _u2015-6-25 _xTEOLOGIA _PP35 _0COMPRA _o.STAFF. Colección Teología |
||
| 980 |
_81 _gALBERTO SANCHEZ Responsable de Automatización |
||